Partnerstvo v dialógu Po 19. ročníku Belopotockého Mikuláša

Bibliographic Details
Main Author: Polák, M. (Author)
Format: Article
Language:Slovak
PhysicalDescription:Obr. 4.
Subjects:

MARC

LEADER 00000nab a2200000 a 4500
001 vtls000036233
003 SK-MaSNL
005 20260304064741.0
008 250422c1979 xo 0 slo
015 |a SNBRB19rr/mm-uuuuu 
035 |a CL0046328 
035 |a urn:nbn:sk:snk-abdk4v 
035 |a (urnnbn)urn:nbn:sk:snk:ar-0015zt 
035 |a (uuid)9fd2e2b1-71ab-407a-87d3-02ddc5831289 
040 |a SNKBUCL  |b slo  |c SNKBUCL  |e AACR2 
041 0 |a slo 
044 |a xo  |c SK 
080 |a 793.1  |2 1981 
100 1 |a Polák, M.  |4 aut  |9 778570 
245 1 0 |a Partnerstvo v dialógu  |b Po 19. ročníku Belopotockého Mikuláša  |c M. Polák 
300 |b Obr. 4. 
611 1 7 |a Belopotockého Mikuláš  |n 19.  |d 1979  |c Liptovský Mikuláš, Slovensko  |2 snkbucl  |9 1203944 
650 0 7 |a ochotnícke divadlo  |2 snkbucl  |9 3349 
655 7 |a články z novín a časopisov  |2 snkbucl  |9 267496 
773 0 |t Film a divadlo  |g Roč. 23, č. 16 (1979), s. 26-27 
850 |a Slovenská národná knižnica 
852 |a Slovenská národná knižnica 
954 |a odborná, vedecká literatúra pôvodná (slovenská)  |2 lita 
957 |a 5304 
958 |a article19 
958 |a OND 
958 |a RK 
958 |a EUIPO 
992 |a RBX 
999 |c 2747841  |d 2749771